| 000 | 00395nam a2200157 a 4500 | ||
|---|---|---|---|
| 005 | 20140412111428.0 | ||
| 008 | 090224s19uu xx 00 eng d | ||
| 020 | _a0-14-055320-7 | ||
| 050 |
_aTR(PS E _bSp68 1991 |
||
| 100 | _aHill, Eric | ||
| 245 |
_aSpot goes to the park / _cEric Hill. |
||
| 260 |
_aU.S.A : _bPenguin books, _c1991. |
||
| 300 | _aunp. | ||
| 650 | _aPark | ||
| 999 |
_c106302 _d106302 |
||